Working with Management (Record no. 885588)

MARC details
000 -LEADER
fixed length control field 00257nam a2200109Ia 4500
008 - FIXED-LENGTH DATA ELEMENTS--GENERAL INFORMATION
fixed length control field 231011s9999 xx 000 0 und d
041 ## - LANGUAGE CODE
Language code of text/sound track or separate title eng
100 ## - MAIN ENTRY--PERSONAL NAME
Personal name E.cook
245 ## - TITLE STATEMENT
Title Working with Management
260 ## - PUBLICATION, DISTRIBUTION, ETC.
Name of publisher, distributor, etc. Sterling Pub Ltd ,NewDelhi -
365 ## - TRADE PRICE
Price amount 75

No items available.